Casualty - Linkin Park (All Lyrics) - Statistics

General Stats
  • This quiz has been taken 51 times
  • The average score is 171 of 222
Answer Stats
Lyrics % Correct
I
100%
I,
100%
a
96%
casualty
96%
me
96%
the
96%
you
96%
You
96%
your
96%
all
92%
be
92%
keep
88%
Let
88%
out,
88%
free
85%
know
85%
secrets
85%
set
85%
won't
85%
to
81%
I'm
77%
in
77%
on
77%
got
73%
not
73%
too
73%
'Cause
69%
eyes
69%
It's
69%
of
69%
matter
65%
time
65%
comin'
62%
only
62%
runnin'
62%
something
62%
something's
62%
but
58%
But
58%
left
58%
behind
54%
you're
54%
Bleached
50%
can
50%
first
50%
God
50%
lie
50%
Like
50%
playing
50%
blood
46%
drew
46%
see
46%
that
46%
complacent
38%
Put
38%
through
38%
right
35%
while
35%
dogs
31%
fed
31%
Stop
31%
doors
27%
telling
27%
up
27%
barefaced
23%
paces,
23%
greed
19%
Hangin'
15%
Closing
8%
high)
4%
(Launch
0%
No matching quizzes found
Score Distribution
Percent of People with Each Score
Percentile by Number Answered
Your Score History
You have not taken this quiz